000 00554nam a22002057a 4500
003 OSt
005 20260306101752.0
008 260306b |||||||| |||| 00| 0 eng d
020 _a9789350484197
040 _bEnglish
_cCentral Library IIT Goa
082 _a891.73092
_bRAN
100 _aRanjan, Ramesh
_eauthor
_93733
245 _aLeo Tolstoy /
_cRamesh Ranjan
260 _aNew Delhi :
_bPrabhat Paperbacks ,
_c2021
300 _a127p.
650 _aHindi
_92694
650 _aBiography
_92827
650 _aRussian Literature
_93734
942 _2ddc
_cBK
999 _c1893
_d1893